Online
Catalog

Epistolario de Rufino José Cuervo con corresponsales españoles / (Record no. 6413)

MARC details
000 -CABECERA
campo de control de longitud fija 00885cam a2200229 a 4500
001 - NÚMERO DE CONTROL
campo de control 000006623
005 - FECHA Y HORA DE LA ÚLTIMA TRANSACCIÓN
campo de control 20200929153948.0
008 - DATOS DE LONGITUD FIJA--INFORMACIÓN GENERAL
campo de control de longitud fija 910624s1989 ck a b 001 0dspa
040 ## - FUENTE DE LA CATALOGACIÓN
Centro catalogador/agencia de origen DO-SdBNP
Lengua de catalogación spa
Centro/agencia transcriptor BNPHU
082 ## - NÚMERO DE LA CLASIFICACIÓN DECIMAL DEWEY
Número de clasificación C866.3
Número de documento/Ítem I59e, 1989
110 2# - ENTRADA PRINCIPAL--NOMBRE DE ENTIDAD CORPORATIVA
Nombre de entidad corporativa o nombre de jurisdicción como elemento de entrada Instituto Caro y Cuervo,Cuervo,
9 (RLIN) 18379
245 10 - MENCIÓN DE TÍTULO
Título Epistolario de Rufino José Cuervo con corresponsales españoles /
Mención de responsabilidad, etc. presentación y notas Carlos E. Mesa.
260 ## - PUBLICACIÓN, DISTRIBUCIÓN, ETC.
Lugar de publicación, distribución, etc. Bogotá :
Nombre del editor, distribuidor, etc. Instituto Caro y Cuervo,
Fecha de publicación, distribución, etc. 1989.
300 ## - DESCRIPCIÓN FÍSICA
Extensión 712 p. :
Otras características físicas il. ;
Dimensiones 24 cm.
490 1# - MENCIÓN DE SERIE
Mención de serie Archivo Epistolar Colombiano,
Designación de volumen o secuencia 20
600 10 - PUNTO DE ACCESO ADICIONAL DE MATERIA--NOMBRE DE PERSONA
Nombre de persona CUERVO, RUFINO JOSÉ,
Fechas asociadas al nombre 1844-1911
Subdivisión general CORRESPONDENCIA
9 (RLIN) 18380
650 #4 - PUNTO DE ACCESO ADICIONAL DE MATERIA--TÉRMINO DE MATERIA
Término de materia o nombre geográfico como elemento de entrada Autores colombianos
Subdivisión cronológica SIGLO XIX
Subdivisión general Correspondencia
9 (RLIN) 18381
650 #4 - PUNTO DE ACCESO ADICIONAL DE MATERIA--TÉRMINO DE MATERIA
Término de materia o nombre geográfico como elemento de entrada Filólogos
9 (RLIN) 18382
650 #4 - PUNTO DE ACCESO ADICIONAL DE MATERIA--TÉRMINO DE MATERIA
Término de materia o nombre geográfico como elemento de entrada Literatura colombiana
Subdivisión cronológica SIGLO XIX
9 (RLIN) 18383
700 1# - PUNTO DE ACCESO ADICIONAL--NOMBRE DE PERSONA
Nombre de persona Mesa, Carlos E.
9 (RLIN) 18384
830 #0 - PUNTO DE ACCESO ADICIONAL DE SERIE-TÍTULO UNIFORME
Título uniforme Archivo Epistolar Colombiano,
Designación de volumen o secuencia 20
9 (RLIN) 18385
Holdings
Estado de retiro Estado de pérdida Restricciones de uso No para préstamo Código de colección Localización permanente Ubicación/localización actual Ubicación en estantería Fecha de adquisición Número de inventario Total de préstamos Signatura topográfica completa Código de barras Fecha visto por última vez Precio válido a partir de Tipo de ítem Koha
    Préstamo interno   Monografías: Libros y Folletos General General En catalogación 01.09.2009 LF1   C866.3 I59e, 1989 6623-10 25.06.2020 25.06.2020 Préstamo interno

Powered by Koha